1 in 4 chance - Statistics

General Stats
  • This quiz has been taken 35 times
  • The average score is 5 of 15
Answer Stats
Question Answer % Correct
1 in 4 chance 1
52%
1 in 4 chance 1
48%
1 in 4 chance 1
43%
1 in 4 chance 1
43%
1 in 4 chance 1
39%
1 in 4 chance 1
35%
1 in 4 chance 1
30%
1 in 4 chance 1
26%
1 in 4 chance 1
26%
1 in 4 chance 1
26%
1 in 4 chance 1
26%
1 in 4 chance 1
22%
1 in 4 chance 1
22%
1 in 4 chance 1
17%
1 in 4 chance 1
13%
No matching quizzes found
Score Distribution
Percent of People with Each Score
Percentile by Number Answered
Your Score History
You have not taken this quiz